Englisch Transportmittel lernen - Statistiken

Allgemein
  • Dieses Quiz wurde 54 mal gespielt
  • Das Durchschnittsergebnis liegt bei 14 aus 26
Antwortstatistiken
Deutsch Englisch % Korrekt
Auto Car
100%
Bus Bus
90%
Taxi Taxi
90%
Zug Train
88%
Flugzeug Plane
82%
Polizeiwagen Police car
80%
Boot Boat
78%
Rakete Rocket
78%
Hubschrauber Helicopter
74%
Fahrrad Bicycle
68%
Düsenflugzeug Jet
68%
Limousine Limousine
68%
Krankenwagen Ambulance
66%
Motorrad Motorbike
56%
U-Boot Submarine
56%
Traktor Tractor
52%
Straßenbahn Tram
46%
Kleintransporter Van
36%
Feuerwehrauto Fire truck
34%
Kreuzfahrtschiff Cruise ship
28%
Wohnmobil Caravan
24%
Lastwagen Lorry
22%
U-Bahn Tube
18%
Reisebus Coach
12%
Lastkahn Barge
2%
Wohnmobil Motorhome
2%
Keine übereinstimmenden Quizze gefunden
Verteilung der Resultate
Anzahl Personen mit jedem Resultat
Perzentil nach korrekt beantworteten Fragen
Ihre Resultats-Entwicklung
Sie haben dieses Quiz noch nicht gespielt